000 00375nam a2200133Ia 4500
008 151001s9999||||xx |||||||||||||| ||und||
100 _aअशोक थोरे
245 _aमृत्युसिध्दी
250 _a1
260 _bगुलमोहर प्रकाशन सातारा
260 _c1989
300 _a230
365 _b18
999 _c966859
_d966856